00231nam a2200085Ia 4500008004100000100002700041245002600068260004200094260000900136170620s9999 xx 000 0 und d aDutt- B. Surya Venkata 0aComparative Education bNew Delhi- Discovery Publishing House c2004